000 01353cam a2200349 a 4500
999 _c533872
_d533872
001 3088027
003 Nust
005 20200123104117.0
008 980409s1998 nyu 000 1 eng
010 _a 98021147
020 _a9780007299515
038 _aMSOHAIL
040 _aDLC
_cDLC
_dDLC
_dOCoLC
_dDLC
043 _ae-uk-en
050 0 0 _aPR6065.S15
_bB58 1998
082 0 0 _a823.914
_bCHR
100 1 _aOsborne, Charles,
_d1927-
_927893
245 1 0 _aBlack coffee :
_ba Hercule Poirot novel /
_cby Agatha Christie ; adapted as a novel by Charles Osborne.
250 _a1st ed.
260 _aNew York :
_bSt. Martin's Press,
_c1998.
300 _a224 p. ;
_c25 cm.
600 1 0 _aPoirot, Hercule
_c(Fictitious character)
_vFiction.
_911837
650 0 _aDefense information, Classified
_zEngland
_vFiction.
_927894
650 0 _aPrivate investigators
_zEngland
_vFiction.
_911838
651 0 _aSurrey (England)
_vFiction.
_927895
655 7 _aDetective and mystery stories.
_2gsafd
_92977
700 1 _aChristie, Agatha,
_d1890-1976.
_tBlack coffee.
_927896
856 4 2 _3Publisher description
_uhttp://www.loc.gov/catdir/enhancements/fy0667/98021147-d.html
906 _a7
_bcbc
_corignew
_d1
_eocip
_f19
_gy-gencatlg
942 _2ddc
_cBK